000 00647nam a2200193Ia 4500
005 20260114185755.0
008 008 260114s9999 xx 000 0 eng d
020 _a9781838604110
037 _aEBOOK
040 _aCRL
_beng
_cCRL
041 _aeng
_2eng
084 _qCRL
100 _aAymon Kreil, Lucia Sorbera and Serena Tolino
_9874228
245 0 _aSex and Desire in Muslim Cultures Beyond Norms and Transgression from the Abbasids to the Present Day
260 _bBloomsbury
_c2020
856 _uhttps://doi.org/10.5040/9781838604110?locatt=label:secondary_bloomsburyCollections
942 _cEBOOK
999 _c1473162
_d1473162